| 000 | 00534nam a2200169 4500 | ||
|---|---|---|---|
| 001 | 2112 | ||
| 005 | 20181127164600.0 | ||
| 008 | 790416s1953 nyua 000 0 eng | ||
| 010 | _a 52009792 | ||
| 020 |
_a8177542761 _c _z |
||
| 100 | 1 |
_aRudolfs, Willem, _d1886- _eed. |
|
| 245 | 1 | 0 |
_aIndustrial wastes : _bTheir disposal and treatment / _cWillem Rudolfs. |
| 260 |
_aJodhpur : _bAgrobios, _c2006. |
||
| 300 |
_a523 p. _b _c |
||
| 490 | 0 | _aAmerican Chemical series [i.e. Society] Monograph series, no. 118 | |
| 650 | 0 | _aFactory and trade waste. | |
| 999 |
_c1658 _d1658 |
||